All 10k+ Cities in South Africa - Statistics

General Stats
  • This quiz has been taken 24 times
    22 since last reset
  • The average score is 22 of 299
Answers on the Map
Answers color-coded by a green-red scale on the quiz's map according to % correct below.
 
Answer Stats
Province Population answer % Correct
Western Cape 3,430,992 Cape Town
100%
Gauteng 1,763,336 Pretoria
95%
Gauteng 7,860,781 Johannesburg
89%
Free State 464,591 Bloemfontein
84%
KwaZulu-Natal 2,786,046 Durban
84%
Eastern Cape 295,644 East London
84%
KwaZulu-Natal 475,238 Pietermaritzburg
79%
Eastern Cape 876,436 Port Elizabeth
79%
Northern Cape 225,155 Kimberley
63%
Western Cape 197,735 Paarl
58%
Western Cape 157,397 George
53%
Limpopo 227,407 Polokwane
53%
Western Cape 80,316 Stellenbosch
53%
Gauteng 377,922 Vereeniging
47%
Free State 211,014 Welkom
47%
Western Cape 65,887 Mossel Bay
37%
KwaZulu-Natal 291,484 Newcastle
37%
North West 311,901 Rustenburg
37%
KwaZulu-Natal 119,726 Ladysmith
32%
Eastern Cape 137,589 Mthatha
32%
Western Cape 97,075 Worcester
32%
Mpumalanga 163,809 Middelburg
26%
Mpumalanga 58,670 Nelspruit
26%
North West 148,804 Potchefstroom
26%
KwaZulu-Natal 50,533 Richards Bay
26%
Northern Cape 67,581 Upington
26%
North West 189,496 Klerksdorp
21%
Western Cape 50,029 Knysna
21%
North West 64,359 Mahikeng
21%
Western Cape 61,508 Oudtshoorn
21%
KwaZulu-Natal 37,089 Port Shepstone
21%
Gauteng 728,063 Soshanguve
21%
Mpumalanga 311,657 Witbank
21%
Western Cape 34,085 Beaufort West
16%
Free State 76,015 Bethlehem
16%
Gauteng 605,504 Evaton
16%
Western Cape 46,856 Hermanus
16%
Eastern Cape 77,682 King William's Town
16%
KwaZulu-Natal 62,406 Mpumalanga
16%
Western Cape 31,822 Plettenberg Bay
16%
Free State 113,368 Sasolburg
16%
Western Cape 188,035 Somerset West
16%
Limpopo 14,571 Tzaneen
16%
Eastern Cape 242,924 Uitenhage
16%
Free State 17,689 Vrede
16%
Free State 181,712 Botshabelo
11%
North West 65,113 Brits
11%
Gauteng 149,065 Carletonville
11%
Northern Cape 29,989 De Aar
11%
Eastern Cape 67,264 Grahamstown
11%
Gauteng 71,661 Heidelberg
11%
KwaZulu-Natal 51,540 Kokstad
11%
Limpopo 25,359 Louis Trichardt
11%
KwaZulu-Natal 26,786 Margate
11%
Gauteng 30,276 Nigel
11%
Free State 48,169 Parys
11%
Limpopo 13,108 Phalaborwa
11%
Free State 56,251 Phuthaditjhaba
11%
Eastern Cape 98,988 Queenstown
11%
Northern Cape 12,789 Springbok
11%
KwaZulu-Natal 134,525 Stanger
11%
Limpopo 89,427 Thohoyandou
11%
Mpumalanga 44,049 Trichardt
11%
Mpumalanga 95,457 Tweefontein
11%
KwaZulu-Natal 26,538 Ulundi
11%
Free State 66,208 Virginia
11%
Western Cape 18,170 Vredendal
11%
North West 46,639 Vryburg
11%
KwaZulu-Natal 47,365 Vryheid
11%
Eastern Cape 10,086 Alexandria
5%
Eastern Cape 15,142 Alice
5%
Eastern Cape 35,153 Aliwal North
5%
KwaZulu-Natal 23,135 Ballito
5%
Mpumalanga 48,505 Barberton
5%
Mpumalanga 60,780 Bethal
5%
Free State 46,029 Bothaville
5%
Mpumalanga 16,847 Carolina
5%
Western Cape 10,420 Darling
5%
Eastern Cape 10,260 Dordrecht
5%
Mpumalanga 118,889 Embalenhle
5%
Mpumalanga 57,428 eMkhondo
5%
KwaZulu-Natal 27,606 Empangeni
5%
KwaZulu-Natal 14,743 Eshowe
5%
Free State 41,248 Ficksburg
5%
Eastern Cape 10,250 Flagstaff
5%
Eastern Cape 35,672 Graaff-Reinet
5%
Western Cape 31,291 Grabouw
5%
KwaZulu-Natal 19,313 Greytown
5%
Gauteng 94,273 Hammanskraal
5%
Free State 27,869 Harrismith
5%
KwaZulu-Natal 27,087 Howick
5%
Eastern Cape 27,107 Jeffreys Bay
5%
Free State 97,780 Kroonstad
5%
Limpopo 35,089 Lebowakgomo
5%
Limpopo 17,639 Lephalale
5%
Free State 15,502 Marquard
5%
Limpopo 75,516 Mokopane
5%
KwaZulu-Natal 27,695 Mtubatuba
5%
Limpopo 42,677 Musina
5%
Western Cape 12,405 Piketberg
5%
Eastern Cape 25,858 Port Alfred
5%
Western Cape 28,142 Saldanha
5%
North West 41,227 Schweizer-Reneke
5%
Free State 25,543 Senekal
5%
North West 63,836 Stilfontein
5%
Western Cape 17,522 Swellendam
5%
KwaZulu-Natal 54,109 Tongaat
5%
Free State 11,260 Ventersburg
5%
North West 22,073 Ventersdorp
5%
Free State 14,619 Vredefort
5%
Western Cape 38,382 Vredenburg
5%
North West 15,987 Zeerust
5%
Eastern Cape 12,191 Adelaide
0%
Free State 19,337 Allanridge
0%
Mpumalanga 10,575 Allemansdrift
0%
Limpopo 21,356 Amandelbult Mine
0%
Mpumalanga 12,335 Amersfoort
0%
Western Cape 13,325 Ashton
0%
Western Cape 69,055 Atlantis
0%
Gauteng 13,427 Bagale
0%
Mpumalanga 25,969 Balfour
0%
Northern Cape 20,105 Barkly West
0%
Limpopo 44,999 Bela-Bela
0%
Mpumalanga 16,723 Belfast
0%
North West 27,904 Bloemhof
0%
Free State 12,899 Brandfort
0%
Western Cape 15,524 Bredasdorp
0%
Mpumalanga 14,347 Breyten
0%
Gauteng 34,395 Bronkhorstspruit
0%
Free State 23,365 Bultfontein
0%
Eastern Cape 15,991 Burgersdorp
0%
Eastern Cape 44,308 Butterworth
0%
Eastern Cape 13,158 Cala
0%
Western Cape 13,982 Caledon
0%
Western Cape 23,873 Ceres
0%
North West 20,882 Christiana
0%
Free State 17,602 Clocolan
0%
KwaZulu-Natal 15,322 Clydesdale
0%
Northern Cape 16,870 Colesberg
0%
North West 17,278 Coligny
0%
Eastern Cape 36,671 Cradock
0%
KwaZulu-Natal 11,304 Craigieburn
0%
Gauteng 28,451 Cullinan
0%
Mpumalanga 13,182 Daggakraal
0%
Northern Cape 13,598 Danielskuil
0%
Western Cape 10,583 De Doorns
0%
North West 10,630 Delareyville
0%
Mpumalanga 52,125 Delmas
0%
Northern Cape 10,346 Delportshoop
0%
Free State 19,478 Deneysville
0%
Eastern Cape 21,784 Dimbaza
0%
Northern Cape 20,082 Douglas
0%
KwaZulu-Natal 34,924 Dundee
0%
Mpumalanga 29,544 Dwarsloop
0%
Western Cape 12,544 Dysseldorp
0%
Gauteng 48,492 Ekangala
0%
KwaZulu-Natal 11,018 Ekuvukeni
0%
Eastern Cape 14,376 Elliot
0%
Mpumalanga 31,184 Elukwatuni
0%
Mpumalanga 12,527 Empuluzu
0%
Mpumalanga 83,735 Ermelo
0%
KwaZulu-Natal 22,072 Estcourt
0%
Mpumalanga 10,166 Evander
0%
Western Cape 12,369 Fistantkraal
0%
Gauteng 38,491 Fochville
0%
KwaZulu-Natal 30,402 Folweni
0%
Eastern Cape 25,668 Fort Beaufort
0%
Free State 12,974 Fouriesburg
0%
Free State 26,144 Frankfort
0%
KwaZulu-Natal 13,515 Frischgewaagd
0%
KwaZulu-Natal 14,098 Gamalakhe
0%
Western Cape 13,319 Gans Bay
0%
KwaZulu-Natal 17,548 Glencoe
0%
Eastern Cape 19,809 Gonubie
0%
Western Cape 15,031 Groot Brakrivier
0%
Eastern Cape 11,761 Hankey
0%
North West 18,608 Hartbeestfontein
0%
North West 26,337 Hartbeestfontein A
0%
North West 22,312 Hartebeespoort
0%
Northern Cape 10,465 Hartswater
0%
Free State 27,407 Heilbron
0%
Mpumalanga 22,786 Hendrina
0%
Free State 16,033 Hoopstad
0%
Northern Cape 10,260 Hopetown
0%
KwaZulu-Natal 11,119 Hopewell
0%
Eastern Cape 28,990 Humansdorp
0%
Eastern Cape 11,076 Idutywa
0%
Eastern Cape 10,689 Ilinge
0%
North West 19,959 Itsoseng
0%
KwaZulu-Natal 12,461 Ixopo
0%
Northern Cape 23,003 Jan Kempdorp
0%
Mpumalanga 21,192 Kamaqhekeza
0%
Limpopo 10,524 Ka-Mhinga
0%
Northern Cape 11,510 Kathu
0%
Eastern Cape 11,301 Kenton-on-Sea
0%
Mpumalanga 15,246 Kinross
0%
Free State 10,403 Koffiefontein
0%
Free State 13,803 Koppies
0%
North West 19,498 Koster
0%
Mpumalanga 15,237 Kriel
0%
Northern Cape 13,057 Kuruman
0%
Mpumalanga 45,104 Kwaggafontein
0%
Free State 25,816 Ladybrand
0%
North West 13,390 Leeudoringstad
0%
Limpopo 12,099 Lenyenye
0%
Western Cape 14,550 Le Roux
0%
Mpumalanga 32,980 Leslie
0%
North West 41,497 Letlhabile
0%
North West 45,449 Lichtenburg
0%
Free State 12,000 Lindley
0%
Mpumalanga 41,403 Lydenburg
0%
Eastern Cape 10,520 Maclear
0%
North West 13,351 Makwassie
0%
Limpopo 13,070 Malamulele
0%
Western Cape 35,897 Malmesbury
0%
KwaZulu-Natal 31,327 Mandini
0%
Limpopo 41,298 Mankweng
0%
Limpopo 26,228 Marapong
0%
North West 19,522 Marikana
0%
Eastern Cape 12,466 Matatiele
0%
Eastern Cape 171,522 Mdantsane
0%
Western Cape 11,303 Melkbosstrand
0%
Eastern Cape 18,680 Middelburg EC
0%
Mpumalanga 35,864 Mkhuhlu
0%
Limpopo 41,988 Modimolle
0%
North West 10,743 Mogwase
0%
Mpumalanga 18,426 Moloto
0%
Eastern Cape 11,552 Molteno
0%
KwaZulu-Natal 44,981 Mondlo
0%
Western Cape 15,176 Montagu
0%
KwaZulu-Natal 18,137 Mooi Rivier
0%
Limpopo 24,854 Mookgophong
0%
Western Cape 12,877 Moorreesburg
0%
Eastern Cape 13,258 Mount Fletcher
0%
KwaZulu-Natal 25,732 Mpophomeni
0%
Limpopo 12,176 Namakgale
0%
KwaZulu-Natal 16,328 Ncotshane
0%
Eastern Cape 15,150 Ndevana
0%
Limpopo 42,859 Nkowankowa
0%
Eastern Cape 10,696 Nomathamasanqa
0%
Limpopo 13,019 Northam
0%
Free State 63,743 Odendaalsrus
0%
Northern Cape 10,234 Olifantshoek
0%
North West 91,854 Orkney
0%
North West 18,372 Ottosdal
0%
KwaZulu-Natal 10,953 Paulpietersburg
0%
Free State 12,893 Petrus Steyn
0%
Mpumalanga 31,885 Phola
0%
Free State 20,562 Phomolong
0%
Gauteng 11,153 Poortjie
0%
Northern Cape 30,089 Postmasburg
0%
Limpopo 22,264 Praktiseer
0%
Northern Cape 14,246 Prieska
0%
Mpumalanga 19,325 Redhill
0%
Free State 20,183 Reitz
0%
Gauteng 10,964 Rethabiseng
0%
Northern Cape 14,850 Ritchie
0%
Western Cape 16,177 Riversdale
0%
Western Cape 27,714 Robertson
0%
Mpumalanga 15,778 Sabie
0%
North West 11,016 Sannieshof
0%
KwaZulu-Natal 22,824 Shakaskraal
0%
Northern Cape 11,034 Sishen
0%
Mpumalanga 36,882 Siyabuswa
0%
Eastern Cape 18,824 Somerset East
0%
Mpumalanga 84,383 Standerton
0%
Western Cape 11,529 St Helena Bay
0%
Eastern Cape 24,672 Stutterheim
0%
North West 10,549 Swartruggens
0%
Mpumalanga 14,895 Tekwane
0%
Free State 60,696 Thaba Nchu
0%
Limpopo 28,846 Thabazimbi
0%
Free State 23,513 Theunissen
0%
Mpumalanga 13,251 Thubelihle
0%
Mpumalanga 13,333 Thulamahashe
0%
Free State 14,857 Tshiame
0%
Limpopo 15,935 Tshitereke
0%
Limpopo 11,245 Tukakgomo
0%
Eastern Cape 13,466 Ugie
0%
KwaZulu-Natal 16,205 Umzinto
0%
Mpumalanga 16,290 Vaalbank
0%
Limpopo 16,462 Vaalwater
0%
Western Cape 11,017 Velddrif
0%
Mpumalanga 17,738 Verena
0%
Free State 31,468 Viljoenskroon
0%
Free State 17,315 Villiers
0%
Western Cape 10,004 Villiersdorp
0%
Mpumalanga 24,281 Volksrust
0%
Free State 10,978 Warden
0%
Northern Cape 22,588 Warrenton
0%
KwaZulu-Natal 28,252 Wembesi
0%
Free State 26,808 Wesselsbron
0%
Gauteng 31,733 Westonaria
0%
Mpumalanga 21,373 White River
0%
Eastern Cape 28,248 Whittlesea
0%
Free State 14,074 Winburg
0%
North West 33,492 Wolmaransstad
0%
Western Cape 12,130 Wolseley
0%
Free State 15,607 Zastron
0%
No matching quizzes found
Score Distribution
Percent of People with Each Score
Percentile by Number Answered
Your Score History
You have not taken this quiz since the last reset